Estadísticas para Videojuegos por fotos

Haz click aquí para intentar la prueba.

Estadísticas generales

  • Esta prueba ha sido intentada 401 veces
  • La puntuación promedio es 11 de 16

Estadísticas de respuestas

Respuesta% Correcto
God of War
93%
Minecraft
89%
The Last of us
89%
Tetris
88%
Red Dead Redemption 2
80%
Uncharted 4
80%
Valorant
71%
Grand Theft Auto 5
67%
League of Legends
67%
Far Cry 3
66%
Elden Ring
65%
Portal 2
63%
Mortal Kombat X
60%
Undertale
60%
Doom: Eternal
59%
Fallout 3
48%

Distribución de puntuación

Porcentaje por número respondido

Porcentaje de gente con cada puntuación

Historial de tus puntuaciones

No has intentado esta prueba.